MARC

LEADER 00000nas a2200000 a 4500
001 ssj0002234
003 WaSeSS
005 20200512172242.0
006 m d
007 cr n
008 910123d19912011nyuwx p s 0 a0eng c
010 |a  92650102   |z sn 91001473  
016 7 |a 011755542  |2 Uk 
016 |a (AMICUS)000010405021 
022 |l 1055-176X  |y 1055-176X 
032 |a 885580  |b USPS 
035 |a (WaSeSS)ssj0002234 
037 |b Mediaweek, 49 E. 21st St., N.Y., N.Y. 10010 
040 |a TAI  |b eng  |c TAI  |d IAI  |d NSD  |d WAU  |d COO  |d MYG  |d NST  |d OCL  |d NSD  |d DLC  |d NSD  |d IUL  |d NST  |d DLC  |d NST  |d DLC  |d HUL  |d NST  |d IUL  |d DLC  |d FUG  |d NSD  |d GUA  |d DLC  |d OCLCQ  |d NLGGC  |d DLC  |d OCLCQ  |d CUS  |d UKMGB  |d OCLCF  |d OCLCQ  |d LIP  |d XFH  |d NLC  |d OCLCQ  |d GILDS  |d OCLCO  |d RDF  |d NJR  |d CBA  |d OCLCO  |d CUS  |d WaSeSS 
042 |a nsdp  |a pcc 
043 |a n-us--- 
050 0 0 |a HF6146.T42  |b M43 
082 0 0 |a 659.1/05  |2 20 
130 0 |a Mediaweek (New York, N.Y.) 
210 0 |a Mediaweek  |b (N.Y.N.Y.) 
222 0 |a Mediaweek  |b (New York, N.Y.) 
245 1 0 |a Mediaweek  |h [electronic resource]. 
246 3 0 |a Media week 
260 |3 1991- :  |a Brewster, N.Y. :  |b A/S/M Communications,  |c 1991- 
260 3 |3 <May 4, 1992-> :  |a New York, N.Y. :  |b Adweek L.P. 
310 |a 46 no. a year,  |b June 11, 2007- 
321 |a 48 no. a year,  |b <May 2, 1994-June 11, 2007?> 
321 |a Weekly (except 1st week in Jan.),  |b 1991 
321 |a Weekly (except 1st week in July, 1st and last weeks of Aug., and last 2 weeks of Dec.),  |b 1992 
321 |a Weekly (except last week of Dec.),  |b 1993-<May 4, 1992> 
362 0 |a Vol. 1, no. 1 (Jan. 14, 1991)-v. 21, no. 14 (Apr. 11, 2011). 
506 |a License restrictions may limit access. 
588 |a Description based on: Vol. 1, no. 1 (Jan. 14, 1991); title from caption. 
588 |a Latest issue consulted: Vol. 21, no. 14 (Apr. 11, 2011). 
650 0 |a Television advertising  |z United States  |v Periodicals. 
650 0 |a Advertising media planning  |z United States  |v Periodicals. 
650 7 |a Advertising media planning.  |2 fast  |0 (OCoLC)fst00797876 
650 7 |a Television advertising.  |2 fast  |0 (OCoLC)fst01146648 
650 1 7 |a Marketing.  |2 gtt 
650 1 7 |a Massamediaindustrie.  |2 gtt 
651 7 |a United States.  |2 fast  |0 (OCoLC)fst01204155 
655 0 |a Electronic journals. 
770 0 |t Infomercial  |g <-1994>  |w (DLC) 94649031  |w (OCoLC)27731223 
770 0 |t Superbrands  |w (DLC) 90643263  |w (OCoLC)22462491 
770 0 |t Infomercial and direct response television  |g 1995-  |w (DLC) 96648116  |w (OCoLC)32726819 
780 0 0 |t Marketing & media decisions  |x 0195-4296  |w (DLC) 80640244  |w (OCoLC)4952413 
785 0 4 |t Adweek (2003)  |x 1549-9553  |w (DLC) 2003233090  |w (OCoLC)52059332 
850 |a AAP  |a AU  |a AzTeS  |a CU-S  |a CoFS  |a CoU  |a DGW  |a DLC  |a DeU  |a FU  |a GASU  |a IC  |a ICarbS  |a IaU  |a InLP  |a InU  |a KPT  |a KyU  |a MCM  |a MH-BA  |a MiEM  |a MoU  |a NBuU  |a NIC  |a NN  |a NNC  |a NRU  |a NSyU  |a NcU  |a NjR  |a NmU  |a NvU  |a OCU  |a OU  |a OrCS  |a PPD  |a PU-W  |a TU  |a TxCM  |a TxHR  |a ViBlbV  |a WaU 
856 4 0 |z Full text available from Research Library: 02/21/1994 to 04/11/2011  |u https://search.proquest.com/publication/31508